000 00334nam a2200133Ia 4500
008 231217s9999 xx 000 0 und d
041 _aEnglish
082 _a621.381537 BOG;17
100 _aBogart, Theodore F
245 0 _aIntroduction to digital circuits
260 _c1992
_bGlence,Illinois
300 _axii+820
942 _cAA
999 _c168290
_d168290